| 000 | 00772nam a2200229 i 4500 | ||
|---|---|---|---|
| 001 | 79686 | ||
| 003 | ES-MaACL | ||
| 005 | 20250930063101.0 | ||
| 007 | t| | ||
| 008 | 041022s1925 sp a |||| | spa d | ||
| 100 | 1 |
_aHernando, Teófilo, _d1881-1976 _963094 |
|
| 245 | 1 | 0 |
_aManual de medicina interna / _cpor Teófilo Hernando y Ortega, y Gregorio Marañón. |
| 250 | _a2ª ed. | ||
| 260 |
_a[Madrid : _bs.n.], _c1925. |
||
| 300 |
_a1 v. (578 p.) : _bil. ; _c25 cm. |
||
| 500 | _aEjemplar sin portada. | ||
| 505 | 8 | _aContiene: 1. Enfermedades de los aparatos digestivo, respiratorio y circulatorio | |
| 650 | 7 |
_aMedicina interna _2embne _914925 |
|
| 700 | 1 |
_aMarañón, Gregorio, _d1887-1960 _976311 |
|
| 852 | 4 |
_aES-MaACL _jC-7166 |
|
| 999 |
_c79686 _d79686 |
||